| 000 | 01305nam a2200337 c 4500 | ||
|---|---|---|---|
| 003 | BLK | ||
| 005 | 20180422103435.0 | ||
| 008 | 180408b bul|||||r ||||||| ||bul|| | ||
| 010 | _aKNG00078898000 | ||
| 020 |
_a978-954-25-0083-4 _bиздат.: Славчо Николов и сие |
||
| 040 | _aBLK | ||
| 041 |
_aBUL _cBUL |
||
| 072 | 7 |
_2bullib _aЯ _xАвтографи |
|
| 080 |
_aБългарска литература _b821.163.2 _x-1 _z821.163.2-1 |
||
| 100 | 1 |
_aВълчев, Найден Станев _eпърви автор _9368316 |
|
| 139 |
_aВълчев, Найден Станев _bВ 95 |
||
| 245 | 1 | 0 |
_aПрез три води преплавено _bМоите избрани стихотворения _cНайден Станев Вълчев. |
| 250 | _a2. доп. изд. | ||
| 257 | _aBGR | ||
| 260 |
_аШумен _bСлавчо Николов и сие _c2007 |
||
| 300 |
_a112 с. _bс портр., 7 л. : ил. _c17 см |
||
| 380 | _aX | ||
| 490 | 1 |
_aБиблиотека Послания _v№ 40 |
|
| 500 | _a1. изд. 2004 в Библ. Послания ; № 27. - Офс. изд. | ||
| 659 | _aЯ | ||
| 852 | _aЦб І 32777 | ||
| 856 | 4 |
_qpdf _u |
|
| 856 | 4 |
_qpdf _u |
|
| 942 |
_cKNG _n0 |
||
| 944 |
_aCR _c05.11.2007 _kРенета_Константинова |
||
| 944 |
_aED _c22.11.2012 _k |
||
| 999 |
_c74496 _d74496 |
||